| 000 | 00559nam a22002177a 4500 | ||
|---|---|---|---|
| 003 | BPGM | ||
| 008 | 260410m mx gr|||| 001 f spa d | ||
| 020 | _a978-970-07-4975-4 | ||
| 040 | _bspa | ||
| 041 |
_aspa _hSPA |
||
| 082 | 0 | 4 |
_a843 _bV47 |
| 100 | _aVERNE, JULIO | ||
| 245 | _aUN CAPITÁN DE QUINCE AÑOS | ||
| 260 |
_aMEXICO _bPORRÚA _c2013 |
||
| 300 |
_a286 _c13.7 X 21.8 |
||
| 336 |
_2rdacontent _atexto _btxt |
||
| 337 |
_2rdamedia _asin mediación _bn |
||
| 338 |
_2rdacarrier _avolumen _bnc |
||
| 650 |
_v843 _x800 _y40 _z3 |
||
| 942 |
_2ddc _cCONSULTA |
||
| 999 |
_c68565 _d68565 |
||